[Event "Ekaterinburg Scerbin Memorial Blitz"]
[Site "Ekaterinburg"]
[Date "2024.01.12"]
[Round "2"]
[White "Shimanov, Aleksandr"]
[Black "Krivich, Ilya"]
[Result "1-0"]
[WhiteElo "2578"]
[BlackElo "1903"]
[PlyCount "46"]
[EventDate "2024.01.12"]
[EventType "swiss (blitz)"]
[EventRounds "13"]
[EventCountry "RUS"]
[SourceTitle "CB03_2024"]
[SourceDate "2024.01.17"]
[SourceVersion "1"]
[SourceVersionDate "2024.01.17"]
[SourceQuality "1"]

1. e4 g6 2. d4 Bg7 3. c4 c5 4. d5 d6 5. Be2 Nf6 6. Nc3 0-0 7. Nf3 b5 8. cxb5 a6 9. b6 Nbd7 10. 0-0 Nxb6 11. h3 e6 12. dxe6 fxe6 13. Be3 Bb7 14. e5 Nfd5 15. exd6 Nxe3 16. fxe3 Nd5 17. Qd2 Qxd6 18. e4 Bd4+ 19. Nxd4 cxd4 20. Qxd4 e5 21. Qc4 Qb6+ 22. Kh1 Rfc8 23. Nxd5 Qd8 1-0